000
00318nam a2200133Ia 4500
008
231017s9999 xx 000 0 und d
082
_a
388.02TRK
082
_b
TRK
245
0
_a
Beyond Mapping
245
4
_c
The National Academies Press
260
_b
The National Academies Press
300
_c
30cm
942
_c
REP
999
_c
605112
_d
605112